000 00433nam a2200157Ia 4500
008 210210b2001 xxu||||| |||| 00| 0 eng d
020 _a81 250 2482 4
082 _a304.8 BATC
100 _aBATES (Crispin).
245 _aCommunity, empire and migration: south asians in diaspora.
260 _aHyderabad
_bOrient Longman
_c2001
300 _axiv,319
650 _aMigration diaspora
690 _aPopulation
906 _aSG04606
999 _c115178
_d115178